000 00500nam a22001697a 4500
005 20240903064547.0
008 240903b |||||||| |||| 00| 0 eng d
022 _a10246991
041 _aEnglish
082 _a349 NAM
100 _lEnglish
245 _aThe Namibian Law Reports 2001
260 _aWindhoek:
_bLegal Assistance Centre and Juta and Company Ltd,
_c2001
300 _bxxv, 325 pages;
_c26 cm.
650 _aLegal practice
_bLaw
942 _cBK
_6ALISON_BN_VRIES
999 _c2979
_d2979